ბათუმის შოთა რუსთაველის სახელმწიფო უნივერსიტეტის ბიბლიოთეკა

შრომის ეკონომიკა : (ბიბ.ჩანაწერი № 36919)

000 -ლიდერი
ფიქსირებული სიგრძის საკონტროლო ველი 01022nam a2200241Ia 4500
001 - საკონტროლო ნომერი
საკონტროლო ველი 2870
003 - საკონტროლო ნომრის იდენტიფიკატორი
საკონტროლო ველი GE_BSU
005 - ბოლო ოპერაციის თარიღი და დრო
საკონტროლო ველი 20190611212832.0
008 - ფიქსირებული სიგრძის მონაცემთა ელემენტები - ზოგადი ინფორმაცია
ფიქსირებული სიგრძის საკონტროლო ველი 181216s2011||||ge |||||||||||||| ||geo||
020 ## - წიგნის საერთაშორისო სტანდარტული ნომერი
International Standard Book Number 9789941281
040 ## - კატალოგიზაციის წყარო
Transcribing agency GE_BSU
041 ## - ენის კოდი
Language code of text/sound track or separate title geo
080 ## - უნივერსალური ათობითი კლასიფიკაციის ინდექსი
Universal Decimal Classification number 331(075.8) თ–87
100 ## - მთავარი ჩანაწერი - პიროვნების სახელი
Personal name თურმანიძე, სერგო
9 (RLIN) 2436
245 ## - ცნობა სათაურის შესახებ
Title შრომის ეკონომიკა :
Remainder of title სალექციო კურსი /
Statement of responsibility, etc სერგო თურმანიძე ; რედ. ზ. ელიზბარაშვილი.
264 ## - წარმოების, გამოცემის, დისტრიბუციის და სხვა ცნობები
გამოცემის, წარმოების, დისტრიბუციის... ადგილი თბილისი :
გამოცემის, წარმოების, დისტრიბუციის... სახელწოდება "საზოგადოება ცოდნა",
გამოცემის, წარმოების, დისტრიბუციის... თარიღი 2011.
300 ## - ფიზიკური აღწერა
Extent 149 გვ. :
Other physical details ცხრ. ;
Dimensions 18 სმ.
501 ## - შენიშვნა თანმხლებ მასალაზე
With note დანართები: გვ. 139-146.
504 ## - BIBLIOGRAPHY, ETC. NOTE
Bibliography, etc ბიბლიოგრ.: გვ. 138.
653 ## - INDEX TERM--UNCONTROLLED
Uncontrolled term შრომის ეკონომიკა
700 ## - ADDED ENTRY--PERSONAL NAME
Personal name ელიზბარაშვილი, ზ.
Relator term რედაქტორი
9 (RLIN) 2437
942 ## - ADDED ENTRY ELEMENTS (KOHA)
Koha item type წიგნი
Source of classification or shelving scheme
ეგზემპლარები
ჩამოწერის სტატუსი დაკარგული ეგზემპლარის სტატუსი კლასიფიკაციის წყარო ან თაროზე გაწყობის სქემა დაზიანების სტატუსი არ გაიცემა მუდმივი მდებარეობა (დაცვის ადგილი) ამჟამინდელი ადგილსამყოფელი თაროზე განთავსების ადგილი შეძენის თარიღი სრული შენახვის შიფრი შტრიხკოდი ბოლო ოპერაციის თარიღი ეგზემპლარის მიმდევრობითი ნომერი (კეტერი?) ფასის ძალაში შესვლის თარიღი ეგზემპლარის სახეობა საჯარო შენიშვნა
          ბათუმის შოთა რუსთაველის სახელმწიფო უნივერსიტეტის მთავარი ბიბლიოთეკა ბათუმის შოთა რუსთაველის სახელმწიფო უნივერსიტეტის მთავარი ბიბლიოთეკა წიგნსაცავი 2018-12-17 331(075.8) თ–87 4823 2018-12-17 4823 2018-12-17 წიგნი